000 00407nam a22001697a 4500
003 OSt
005 20260202120644.0
007 705 pages
008 260202b |||||||| |||| 00| 0 eng d
020 _a817409203-X
040 _c
082 _29
_a621.9
_bNAG
245 _aTool Engineering and design
_cNagpal,G.R
250 _a9
260 _bkhanna publishers
_c2020
942 _2ddc
_cBK
_e9
_k621.9
_mNAG
_n0
999 _c36305
_d36305